000 00488nam a2200157 i 4500
001 187667
003 ES-MaACL
005 20230906223012.0
008 180112s1935 fr |||| | fre d
080 _a821.133.1-31"19"
100 1 _aGreen, Julien.
_959843
245 1 0 _aLéviathan
_b: roman /
_cJulien Green.
260 _aParis :
_bLibrarie Plon,
_c1935.
300 _a345 p. ;
_c19 cm.
852 _aES-MaACL
_jL-31838
_z.- Donat. herederos de la bibl. de Mª del Pilar Costa Palacín
999 _c187667
_d187667